00809nam a2200229Ia 4500003000400000005001700004008004100021020001800062040000700080041000800087082002700095100002500122245009300147250000600240260003000246300001800276365001400294906009900308942001200407999001900419952014100438OSt20230509164217.0210423s2009 xx 000 0 und d a9781420080117 cAL aeng a615.9020724 223bEVAG aEVANS (G O).9101741 aAnimal clinical chemistry: practical guide for toxicologists and biomedical researchers. a2 aNew YorkbCRC Pressc2009 axiii,345.bPB b4139cINR aAnimal ; biomedical ; chemistry: ; clinical ; guide ; practical ; researchers. ; toxicologists 2ddccBK c164084d164084 001040708BIOCaSACPGbSACPGd2009-09-25eKnowledge Worldg4139.00l0o615.9020724 EVAGpPG010582r2022-08-24 00:00:00w2021-04-26yBK